Left atrial and left ventricular impairment in children with juvenile systemic Lupus erythematosus By 3D echocardiography / (رقم التسجيلة. 58221)

تفاصيل مارك
000 -LEADER
fixed length control field 02018cam a2200349 a 4500
003 - CONTROL NUMBER IDENTIFIER
control field EG-GiCUC
005 - DATE AND TIME OF LATEST TRANSACTION
control field 20250223031601.0
008 - FIXED-LENGTH DATA ELEMENTS--GENERAL INFORMATION
fixed length control field 161022s2016 ua dh f m 000 0 eng d
040 ## - CATALOGING SOURCE
Original cataloging agency EG-GiCUC
Language of cataloging eng
Transcribing agency EG-GiCUC
041 0# - LANGUAGE CODE
Language code of text/sound track or separate title eng
049 ## - LOCAL HOLDINGS (OCLC)
Holding library Deposite
097 ## - Thesis Degree
Thesis Level M.Sc
099 ## - LOCAL FREE-TEXT CALL NUMBER (OCLC)
Classification number Cai01.11.28.M.Sc.2016.Do.L
100 0# - MAIN ENTRY--PERSONAL NAME
Personal name Doaa Shaban Ameen Hassanin
245 10 - TITLE STATEMENT
Title Left atrial and left ventricular impairment in children with juvenile systemic Lupus erythematosus By 3D echocardiography /
Statement of responsibility, etc. Doaa Shaban Ameen Hassanin ; Supervised Mohamed Youssef Abdelrahman , Hala Mohamed Lotfy , Youmna Mohamed Farag
246 15 - VARYING FORM OF TITLE
Title proper/short title دراسة تأثرالأذين الأيسروالبطين الأيسر في الاطفال المصابين بالذئبه الحمراء
260 ## - PUBLICATION, DISTRIBUTION, ETC.
Place of publication, distribution, etc. Cairo :
Name of publisher, distributor, etc. Doaa Shaban Ameen Hassanin ,
Date of publication, distribution, etc. 2016
300 ## - PHYSICAL DESCRIPTION
Extent 133 P. :
Other physical details charts , facsimiles ;
Dimensions 25cm
502 ## - DISSERTATION NOTE
Dissertation note Thesis (M.Sc.) - Cairo University - Faculty of Medicine - Department of Pediatrics
520 ## - SUMMARY, ETC.
Summary, etc. This cross-sectional study enrolled 40 JSLE patients and 25 age and sex matched controls. All were examined by 2D and 3D echocardiography to detect any left atrial or ventricular changes.SLEDAI-2K and damage index were assessed in all patients. Some degree of impairment of left atrial and left ventricular functions were detected in patients compared to controls. Area strain was significantly affected in patients with neuropsychiatric symptoms.3D Echocardiographic examination in JSLE patients specially those with neuropsychiatric symptoms is recommended for detection of subtle myocardial changes
530 ## - ADDITIONAL PHYSICAL FORM AVAILABLE NOTE
Additional physical form available note Issued also as CD
653 #4 - INDEX TERM--UNCONTROLLED
Uncontrolled term 3D Echo
653 #4 - INDEX TERM--UNCONTROLLED
Uncontrolled term Area strain
653 #4 - INDEX TERM--UNCONTROLLED
Uncontrolled term Systemic Lupus
700 0# - ADDED ENTRY--PERSONAL NAME
Personal name Hala Mohamed Lotfy ,
Relator term
700 0# - ADDED ENTRY--PERSONAL NAME
Personal name Mohamed Youssef Abdelrahman ,
Relator term
700 0# - ADDED ENTRY--PERSONAL NAME
Personal name Youmna Mohamed Farag ,
Relator term
856 ## - ELECTRONIC LOCATION AND ACCESS
Uniform Resource Identifier <a href="http://172.23.153.220/th.pdf">http://172.23.153.220/th.pdf</a>
905 ## - LOCAL DATA ELEMENT E, LDE (RLIN)
Cataloger Nazla
Reviser Revisor
905 ## - LOCAL DATA ELEMENT E, LDE (RLIN)
Cataloger Soheir
Reviser Cataloger
942 ## - ADDED ENTRY ELEMENTS (KOHA)
Source of classification or shelving scheme Dewey Decimal Classification
Koha item type Thesis
المقتنيات
Source of classification or shelving scheme Not for loan Home library Current library Date acquired Full call number Barcode Date last seen Koha item type Copy number
Dewey Decimal Classification   المكتبة المركزبة الجديدة - جامعة القاهرة قاعة الرسائل الجامعية - الدور الاول 11.02.2024 Cai01.11.28.M.Sc.2016.Do.L 01010110069847000 22.09.2023 Thesis  
Dewey Decimal Classification   المكتبة المركزبة الجديدة - جامعة القاهرة مخـــزن الرســائل الجـــامعية - البدروم 11.02.2024 Cai01.11.28.M.Sc.2016.Do.L 01020110069847000 22.09.2023 CD - Rom 69847.CD
Cairo University Libraries Portal Implemented & Customized by: Eng. M. Mohamady Contacts: new-lib@cl.cu.edu.eg | cnul@cl.cu.edu.eg
CUCL logo CNUL logo
© All rights reserved — Cairo University Libraries
CUCL logo
Implemented & Customized by: Eng. M. Mohamady Contact: new-lib@cl.cu.edu.eg © All rights reserved — New Central Library
CNUL logo
Implemented & Customized by: Eng. M. Mohamady Contact: cnul@cl.cu.edu.eg © All rights reserved — Cairo National University Library